000 00485nam a22001457a 4500
003 MACL
005 20170705124757.0
008 170705b xxu||||| |||| 00| 0 eng d
040 _cMACL
100 _aखुराना, गुरूदीप
_968048
245 _aएक सपने की भूमिका
260 _aदेहरादून
_bआधारशिला प्रकाशन
_c2012
650 _aकहानी संग्रह
_936739
942 _2ddc
_cHIN
999 _c56705
_d56705